| 000 | 00703cab a2200241 4500 | ||
|---|---|---|---|
| 001 | WB3119-31 | ||
| 008 | 090401t1995 xxu||||| |||| 00| 0 eng d | ||
| 035 | _a(Sirsi) u70617 | ||
| 041 | _aeng | ||
| 245 | _aFarm rents 1994 | ||
| 260 | _c1995 | ||
| 350 | _a0 | ||
| 490 |
_aMAFF Statistics _v(STATS 49/95) 16 May 1995 (1) |
||
| 520 | _aA summary of the results of MAFF`s 1994 statistical review of farm rents. | ||
| 650 | _aPROPERTY-RURAL AND NATURAL ASSETS-AGRICULTURAL PROPERTY-AGRICULTURAL LAND | ||
| 650 | _aFARM RENT | ||
| 650 | _aMAFF | ||
| 650 | _aRENT RENQUIRY | ||
| 650 | _aSTATISTICS | ||
| 690 | _aLANDLORD AND TENANT-AGRICULTURAL TENANCIES | ||
| 942 | _n0 | ||
| 948 | _c04/03/1997 | ||
| 999 |
_c44431 _d44431 |
||